All Michigan Cities By Letter - D - Statistics

General Stats
  • This quiz has been taken 12 times
  • The average score is 8 of 18
Answer Stats
Population County City/Village % Correct
670,031 Wayne Detroit
100%
93,932 Wayne Dearborn
89%
55,353 Wayne Dearborn Heights
67%
4,881 Genesee Davison
56%
5,669 Cass Dowagiac
56%
569 Ingham Dansville
44%
317 Chippewa DeTour Village
44%
4,715 Washtenaw Dexter
44%
1,345 Allegan Douglas
44%
4,601 Monroe Dundee
44%
3,290 Shiawassee Durand
44%
1,732 Van Buren Decatur
33%
857 Lenawee Deerfield
33%
4,808 Clinton DeWitt
33%
1,257 Eaton Dimondale
33%
244 Menominee Daggett
22%
781 Sanilac Deckerville
22%
938 Lapeer Dryden
22%
No matching quizzes found
Score Distribution
Percent of People with Each Score
Percentile by Number Answered
Your Score History
You have not taken this quiz